000 00765cam a22002531 4500
001 16303
003 BD-RjUL
005 20211209000007.0
008 140213s1955 wiu 001 0 eng
035 _a(BD-RjUL)16358
035 _a(OCoLC)331074
040 _aDLC
_cODaWU
_dOCoLC
_dNBrockU
_dDLC
_dBD-RjUL
_beng
041 _aeng
082 _a792
_bGAG 1955
100 1 _aGard, Robert.
_950408
245 1 0 _aGrassroots theater :
_ba search for regional arts in America /
_cWith a foreword by David H. Stevens.
260 _aMadison :
_bUniversity of Wisconsin Press,
_cc1955.
300 _axiii, 263 p. ;
_c23 cm.
504 _aIncludes index.
650 0 _aLittle theater movement.
_950409
942 _2ddc
_cBK
999 _c16303
_d16303